| 000 | 01608nam a2200385 4500 | ||
|---|---|---|---|
| 001 | 13959 | ||
| 003 | http://catalogue.bnf.fr/ark:/12148/cb486490714 | ||
| 005 | 20251204114146.0 | ||
| 010 |
_a9782847053197 _d7,50 EUR |
||
| 073 | 0 | _a9782847053197 | |
| 090 | _a13959 | ||
| 099 | _o0 | ||
| 100 | _a20251119d2025 m y0frey50 ba | ||
| 101 | 0 | _afre | |
| 102 | _aFR | ||
| 105 | _a||||z 00||| | ||
| 181 | 0 |
_601 _ai _bxxxe |
|
| 181 |
_602 _ctxt _2rdacontent |
||
| 182 | 0 |
_601 _an |
|
| 182 |
_602 _cn _2rdamedia |
||
| 200 | 1 |
_aGros-poil _bLIVR |
|
| 214 | 0 |
_cEditions Espaces 34 _d2025 |
|
| 214 | 3 | _cImpr. Présence graphique | |
| 214 | 0 | _aCastelnau-le-Lez | |
| 214 | 3 | _a37-Monts | |
| 215 | _a1 vol. (50 p.) | ||
| 215 | _d17 cm | ||
| 225 | 1 |
_aThéâtre jeunesse _v32 |
|
| 225 | 1 | _x0753-3454 | |
| 323 | _a2 personnages | ||
| 330 | _aDans une forêt, un écrivain en plein vague à l âme croise la route d un drôle de gamin à vélo. Soudain, par un hasard fantastique, un violent orage éclate, les deux trouvant alors refuge dans une petite cabane. Et tandis que le gamin écrit une chanson pour sa première amoureuse, l écrivain se confronte à son amour perdu : il a un « gros-poil ». Par leurs échanges, entre réminiscence et souvenirs, les cSurs s ouvrent sans nécessairement se comprendre. Ce duo presque clownesque, va avec humour, tendresse et poésie, redonner force à la vie et à ses mystères. | ||
| 700 |
_aArca _bFabien |
||
| 700 | _cAuteur du texte | ||
| 801 | 0 |
_aFR _bFR-751131015 _c20251119 _gAFNOR _hFRBNF486490710000002 |
|
| 856 | 2 |
_u1138562 _bPremière de couverture |
|